Riziko v účtovníctve podnikateľského subjektu

Legislatíva zobrazenia rizika spojeného s podnikateľskou činnosťou a jeho zobrazenie v účtovníctve.

Gespeichert in:
Bibliographische Detailangaben
1. Verfasser: Juhászová, Zuzana, 1970-
Format: Buchkapitel
Sprache:Slowakisch
Schlagworte:
Tags: Tag hinzufügen
Keine Tags, Fügen Sie das erste Tag hinzu!

MARC

LEADER 00000naa a2200000 4500
001 0250889
005 20240502074025.0
041 0 |a slo 
044 |a SK 
245 1 0 |a Riziko v účtovníctve podnikateľského subjektu  |c Zuzana Juhászová 
520 |a Legislatíva zobrazenia rizika spojeného s podnikateľskou činnosťou a jeho zobrazenie v účtovníctve. 
610 2 0 |a zobrazenie účtovné 
610 2 0 |a podnikatelia 
610 2 0 |a podnikanie 
610 2 0 |a pravidlá účtovné 
610 2 0 |a riziko 
610 2 0 |a regulácia 
610 2 0 |a deriváty 
610 2 0 |a rezervy 
610 2 0 |a položky opravné 
100 1 |a Juhászová, Zuzana, 1970-